| 000 | 00463nam a2200169Ia 4500 | ||
|---|---|---|---|
| 008 | 210719s1966 xx 000 0 und d | ||
| 041 | _aeng | ||
| 082 | _a320.473 STAO | ||
| 100 | _aSTARRATT (Edith E) and LEWENSTEIN (Morris)ed 2 | ||
| 245 | _aOur Amerian government today | ||
| 250 | _a2 | ||
| 260 |
_aEnglewood Cliff,N.J. _bPrentice-Hall, Inc., _c1966 |
||
| 300 |
_axiv, 496 _bHB |
||
| 365 | _cRs | ||
| 650 | _aGovernments | ||
| 906 | _aAmerican Governments | ||
| 999 |
_c212739 _d212739 |
||